Principles of Polymerization (Record no. 5213)

MARC details
000 -LEADER
fixed length control field 00354nam a2200145Ia 4500
008 - FIXED-LENGTH DATA ELEMENTS--GENERAL INFORMATION
fixed length control field 191201s2010 xx 000 0 und d
082 ## - DEWEY DECIMAL CLASSIFICATION NUMBER
Classification number 541.393
Item number ODP
100 ## - MAIN ENTRY--PERSONAL NAME
Personal name ODIAN,George
245 #0 - TITLE STATEMENT
Title Principles of Polymerization
250 ## - EDITION STATEMENT
Edition statement Rep
260 ## - PUBLICATION, DISTRIBUTION, ETC. (IMPRINT)
Place of publication, distribution, etc N. Delhi
Name of publisher, distributor, etc Wiley Dreautech India
Date of publication, distribution, etc 2010
300 ## - PHYSICAL DESCRIPTION
Extent 812
650 ## - SUBJECT ADDED ENTRY--TOPICAL TERM
Topical term or geographic name as entry element B.Tech(TE)
942 ## - ADDED ENTRY ELEMENTS (KOHA)
Source of classification or shelving scheme Dewey Decimal Classification
Koha item type Text Books
Holdings
Withdrawn status Lost status Source of classification or shelving scheme Damaged status Not for loan Collection code Home library Current library Date acquired Source of acquisition Cost, normal purchase price Bill Number Total Checkouts Full call number Acc. no. / Barcode Date last seen Bill Date Koha item type
    Dewey Decimal Classification     B.Tech(TE) PIET C-LIBRARY PIET C-LIBRARY 19/03/2012 Indian International Text Book 550.00 1216   541.393 ODP 19192 04/12/2019 08/02/2012 Text Books
    Dewey Decimal Classification     B.Tech(TE) PIET C-LIBRARY PIET C-LIBRARY 19/03/2012 Indian International Text Book 550.00 1216   541.393 ODP 19193 04/12/2019 08/02/2012 Text Books
    Dewey Decimal Classification     B.Tech(TE) PIET C-LIBRARY PIET C-LIBRARY 19/03/2012 Indian International Text Book 550.00 1216   541.393 ODP 19194 04/12/2019 08/02/2012 Text Books
    Dewey Decimal Classification     B.Tech(TE) PIET C-LIBRARY PIET C-LIBRARY 19/03/2012 Indian International Text Book 550.00 1216   541.393 ODP 19195 04/12/2019 08/02/2012 Text Books
    Dewey Decimal Classification     B.Tech(TE) PIET C-LIBRARY PIET C-LIBRARY 19/03/2012 Indian International Text Book 550.00 1216   541.393 ODP 19196 04/12/2019 08/02/2012 Text Books
    Dewey Decimal Classification     B.Tech(TE) PIET C-LIBRARY PIET C-LIBRARY 09/05/2012 Indian International Text Book 550.00 2115   541.393 ODP 19283 04/12/2019 03/04/2012 Text Books
    Dewey Decimal Classification     B.Tech(TE) PIET C-LIBRARY PIET C-LIBRARY 05/07/2012 Indian International Text Book 550.00 2115   541.393 ODP 19284 04/12/2019 03/04/2012 Text Books

Design & Developed by: PIET Central Library
R70 Miles Stone Pattikalyana Samalkha Panipat 132102
mail ID :- [email protected], Phone No:- 0180-2569700 Ex.216